Quantitative Chemical Analysis
| Main Author: | |
|---|---|
| Format: | Section = Libro |
| Language: | Undetermined Spanish |
| Published: |
New York
W.H. Freeman and Company
1982
|
| Subjects: |
| LEADER | 00499nam a2200193Ia 4500 | ||
|---|---|---|---|
| 008 | 240830s9999 xx 000 0 und d | ||
| 020 | |a 0-7167-1347-0 | ||
| 040 | |a CEDOC FIQ-RUSB / 543 H313 | ||
| 041 | |a spa | ||
| 082 | |a 543 H313 | ||
| 100 | 1 | |a Harris, Daniel C | |
| 245 | 1 | 0 | |a Quantitative Chemical Analysis |
| 260 | |a New York |b W.H. Freeman and Company |c 1982 | ||
| 300 | |a 748 p.: il. | ||
| 650 | 7 | |a QUÍMICA ANALíTICA | |
| 650 | 7 | |b ESTADÍSTICAS | |
| 942 | |c BK |2 ddc | ||
| 991 | |a TEXTO | ||
| 999 | |c 13720 | ||